000
00415nam a2200145Ia 4500
008
100122s9999 xx 000 0 und d
082
_b
11320
_a
823.08
100
_a
शेळके शांता
245
_a
प्रेमिक
260
_b
कुलकर्णी ग्रंथगार
_c
1956
300
_a
126
630
_a
प्रेमिक
730
_a
प्रेमिक
942
_c
BOOK
999
_c
402723
_d
402720